Crítica de la democracia capitalista : una introducción a la teoría del Estado en Marx, Engels y /

Guardado en:
Autor Principal: Moore, Stanley
Otros Autores: Bixio, Alberto L., trad.
Formato: Libro
Publicado: Buenos Aires : Siglo Veintiuno Argentina, 1971
Materias:
Etiquetas: Agregar Etiqueta
Sin Etiquetas, Sea el primero en etiquetar este registro!
LEADER 00703nam a22002055a 4500
001 EHU.bham024985
008 130507s1971##################000#0#####d
005 20230705082542.0
245 1 0 |a Crítica de la democracia capitalista :  |b una introducción a la teoría del Estado en Marx, Engels y /  |c Stanley Moore ; trad. por Alberto L. Bixio. 
260 |a Buenos Aires :  |b Siglo Veintiuno Argentina,  |c 1971 
300 |a 174 p. 
100 1 |a Moore, Stanley 
700 1 |a Bixio, Alberto L., trad. 
082 3 2 |a 321.4 
653 |a Colección Lejarraga 
653 |a Democracia 
653 |a Capitalismo 
653 |a Marxismo 
653 |a Leninismo 
859 |a AR-BHAM  |b BIB. HUMANIDADES - General  |h 321.4  |i M781  |p 662.02  |t Ej.1